| 000 | 00504nam a22001457a 4500 | ||
|---|---|---|---|
| 005 | 20260212141140.0 | ||
| 008 | 260212b |||||||| |||| 00| 0 eng d | ||
| 020 | _a9781260012026 | ||
| 100 | _aRiedel Stefan. Morse A. Stephen. Mietzner A. Timothy. and Miller Steve. | ||
| 245 |
_aJawetz, Melnick and Adelberg's Medical Microbiology _c/Stefan, Stephen, Timothy, Steve. |
||
| 250 | _a28th Edition | ||
| 260 |
_aNew York; _bMcGraw-Hill Education; _c2019 |
||
| 300 |
_axi,867p, ill; _c27.5cm |
||
| 942 |
_2lcc _n0 _cBK |
||
| 999 |
_c156 _d156 |
||